K typologii rozpočtových deficitů. 1

Problém rozpočtového deficitu - jedna z najspornejších oblastí fiškálnej makroekonómie. Metodické problémy konceptu rozpočtového deficitu. Odlišné makroekonomické dôsledky deficitu v závislosti od spôsobu jeho vzniku a spôsobu jeho krytia. Typy rozpočtového deficitu podľa spôsobu vzniku a spôsobu fi...

Full description

Saved in:
Bibliographic Details
Main Author: Dvořák, Petr
Other Authors: Mandel, Martin
Format: Book Chapter
Language:Czech
Subjects:
Tags: Add Tag
No Tags, Be the first to tag this record!

MARC

LEADER 00000naa a2200000 4500
001 r018202
005 20221205101654.5
041 0 |a cze 
044 |a CZ 
245 1 0 |a K typologii rozpočtových deficitů. 1  |c P. Dvořák, M. Mandel 
520 |a Problém rozpočtového deficitu - jedna z najspornejších oblastí fiškálnej makroekonómie. Metodické problémy konceptu rozpočtového deficitu. Odlišné makroekonomické dôsledky deficitu v závislosti od spôsobu jeho vzniku a spôsobu jeho krytia. Typy rozpočtového deficitu podľa spôsobu vzniku a spôsobu financovania. Súhrnná typológia rozpočtových deficitov. 
610 2 0 |a rozpočty 
610 2 0 |a deficit 
610 2 0 |a metodika 
610 2 0 |a klasifikácia 
100 1 |a Dvořák, Petr 
700 1 |a Mandel, Martin